| 000 | 00742nam a2200241 i 4500 | ||
|---|---|---|---|
| 001 | 78743 | ||
| 003 | ES-MaACL | ||
| 005 | 20250819165240.0 | ||
| 007 | t| | ||
| 008 | 041015s1965 sp ||||1| spa d | ||
| 100 | 1 |
_aHeer, Friedrich. _962306 |
|
| 245 | 1 | 0 |
_aTerror religioso, terror político / _cFriedrich Heer ; [traducido al castellano por Aurora Otero]. |
| 250 | _a1ª ed. | ||
| 260 |
_aBarcelona : _bFontanella, _c1965. |
||
| 300 |
_a163 p. ; _c19 cm. |
||
| 490 | 1 |
_aPensamiento ; _v13 |
|
| 650 | 0 | 7 |
_aTotalitarismo _2embne _917571 |
| 650 | 7 |
_aReligión y política _2embne _916813 |
|
| 700 | 1 |
_aOtero, Aurora. _987878 |
|
| 830 | 1 |
_aPensamiento ; _v13 _9178722 |
|
| 852 |
_aES-MaACL _jC-28303 |
||
| 999 |
_c78743 _d78743 |
||